000 00302nam a22001217a 4500
008 181031b xxu||||| |||| 00| 0 eng d
041 _aeng
080 _a316
100 _a50
101 _aSOC
245 _aTeaching Children With Learning And Behavior Problems
_cHammil.D.D
942 _2udc
_cBK
999 _c51263
_d51263